[Event "C.to Italiano Semifinale"]
[Site "Civitanova Marche ITA"]
[Date "2012.07.17"]
[Round "3"]
[White "Dobboletta, Alex"]
[Black "Lattanzio, Savino"]
[WhiteElo "2002"]
[BlackElo "2089"]
[Result "1-0"]
[PlyCount "47"]
[EventDate "2012.07.15"]

1. e4 c5 2. Nf3 Nf6 3. Nc3 Nc6 4. d4 cxd4 5. Nxd4 d6 6. Bg5 e6 7. Qd2 a6 8.
O-O-O Qc7 9. f3 Be7 10. Be3 O-O 11. g4 b5 12. g5 Nd7 13. h4 Nc5 14. h5 Nxd4 15.
Qxd4 b4 16. h6 e5 17. Qxb4 Rb8 18. Nd5 Rxb4 19. Nxc7 Rb8 20. Nd5 Bd8 21. hxg7
Kxg7 22. Nf6 Rh8 23. Nh5+ Kg6 24. Rxd6+ 1-0

[Event "C.to Italiano Semifinale"]
[Site "Civitanova Marche ITA"]
[Date "2012.07.17"]
[Round "3"]
[White "Fagnani, Alessandro"]
[Black "Franchini, Gabriele"]
[WhiteElo "1981"]
[BlackElo "2149"]
[Result "1-0"]
[PlyCount "149"]
[EventDate "2012.07.15"]

1. e4 e6 2. d4 d5 3. e5 c5 4. c3 Qb6 5. Nf3 Bd7 6. a3 Bb5 7. Bd3 Bxd3 8. Qxd3
Qa6 9. Qxa6 Nxa6 10. b4 cxd4 11. cxd4 Rc8 12. O-O Nb8 13. Be3 Nd7 14. Nbd2 Nb6
15. Rfc1 Rxc1+ 16. Rxc1 Kd7 17. Nb3 Nc4 18. Ng5 Nh6 19. Ne4 Nf5 20. Nec5+ Bxc5
21. Nxc5+ Kc7 22. Ne4 Kd7 23. Nc5+ Kc7 24. Ne4 Kd8 25. Bg5+ Kd7 26. Nc5+ Kc7
27. Nb3 h6 28. Bf4 b6 29. g4 Ne7 30. a4 Kb7 31. Rc3 Nc6 32. b5 N6a5 33. Nxa5+
Nxa5 34. Bc1 Nc4 35. Rf3 Rf8 36. g5 hxg5 37. Bxg5 Rc8 38. Rxf7+ Rc7 39. Bc1 Kc8
40. Rxc7+ Kxc7 41. Kg2 Kd7 42. Kg3 Ke8 43. Kg4 Kf7 44. h4 g6 45. Bd2 Na5 46.
Bc3 Nc4 47. Bb4 Na3 48. Kf3 Nc4 49. Ke2 Kg7 50. Kd3 Kf7 51. Kc2 Ke8 52. Kb3 Kd7
53. f4 Kc7 54. a5 Ne3 55. axb6+ Kxb6 56. Ka4 Nd1 57. Ba5+ Kb7 58. Kb4 Kc8 59.
Kc5 Kd7 60. f5 gxf5 61. h5 Nb2 62. Kb4 Ke8 63. Kc3 Nc4 64. Bd8 Kf7 65. Bg5 Na5
66. Bd8 Nc4 67. Bg5 Na5 68. Kd3 Nc4 69. Bc1 Nb6 70. Kc3 Nc4 71. Kb4 f4 72. Bxf4
Nb2 73. Ka5 Nd1 74. Ka6 Nc3 75. Bd2 1-0

[Event "C.to Italiano Semifinale"]
[Site "Civitanova Marche ITA"]
[Date "2012.07.17"]
[Round "3"]
[White "Fioravanti, Diego"]
[Black "Gagliardi, Christian"]
[WhiteElo "2117"]
[BlackElo "2209"]
[Result "1/2-1/2"]
[PlyCount "76"]
[EventDate "2012.07.15"]

1. d4 Nf6 2. c4 e6 3. Nf3 d5 4. Nc3 Bb4 5. Qa4+ Nc6 6. e3 Bd7 7. Qc2 O-O 8. Bd2
Re8 9. Rc1 h6 10. Bd3 Bd6 11. a3 dxc4 12. Bxc4 e5 13. d5 Ne7 14. Qb3 Qb8 15. e4
Rf8 16. O-O a6 17. Rfe1 Ng6 18. Bd3 Nh5 19. Na4 Nhf4 20. Bf1 b6 21. Bb4 b5 22.
Nc5 Bc8 23. Nd3 Nxd3 24. Bxd3 Bd7 25. Rc2 Qb7 26. Rec1 Rfc8 27. Bxd6 cxd6 28.
a4 Rxc2 29. Rxc2 Rc8 30. a5 Kf8 31. Ne1 Ke7 32. Rxc8 Qxc8 33. Qc2 Kd8 34. Qxc8+
Bxc8 35. g3 Nf8 36. Nc2 Bb7 37. Kf1 Nd7 38. b4 Nf8 1/2-1/2

[Event "C.to Italiano Semifinale"]
[Site "Civitanova Marche ITA"]
[Date "2012.07.17"]
[Round "3"]
[White "Genocchio, Daniele"]
[Black "Gilevych, Artem"]
[WhiteElo "2431"]
[BlackElo "2303"]
[Result "1-0"]
[PlyCount "43"]
[EventDate "2012.07.15"]

1. e4 c6 2. d4 d5 3. Nc3 dxe4 4. Nxe4 Nf6 5. Nxf6+ gxf6 6. Be3 Bf5 7. Qd2 Nd7
8. O-O-O Nb6 9. c4 Qd7 10. Qa5 Nc8 11. Ne2 b6 12. Qa6 Bg7 13. Ng3 O-O 14. Nxf5
Qxf5 15. g4 Qxg4 16. Bd3 Kh8 17. Rhg1 Qh5 18. Rxg7 Kxg7 19. Qb7 Nd6 20. Rg1+
Kh8 21. Qxe7 Qf3 22. Rg3 1-0

[Event "C.to Italiano Semifinale"]
[Site "Civitanova Marche ITA"]
[Date "2012.07.17"]
[Round "3"]
[White "Martorelli, Antonio"]
[Black "Caprio, Guido"]
[WhiteElo "2219"]
[BlackElo "2430"]
[Result "1-0"]
[PlyCount "107"]
[EventDate "2012.07.15"]

1. Nf3 Nf6 2. g3 b5 3. a4 b4 4. Bg2 Bb7 5. a5 e6 6. O-O Be7 7. c3 O-O 8. cxb4
Bxb4 9. d4 Na6 10. Bd2 Rb8 11. Nc3 d5 12. Ne5 Nd7 13. Nd3 Be7 14. Na4 Bc6 15.
Qc2 Bb5 16. b3 c5 17. Naxc5 Ndxc5 18. dxc5 Bxd3 19. exd3 Bxc5 20. Rfc1 Qd7 21.
Bf1 Rfc8 22. Qb2 Bd6 23. d4 Nc7 24. b4 g6 25. a6 Nb5 26. Be3 Rc6 27. Qb3 Nc7
28. Qa4 Rbb6 29. b5 Nxb5 30. Bh6 Nc7 31. Rab1 Rxb1 32. Rxc6 f6 33. Qc2 Rb8 34.
Bh3 Kf7 35. Bf4 Rb6 36. Rxb6 axb6 37. Bxd6 Qxd6 38. a7 Ke7 39. Qxc7+ Qxc7 40.
a8=Q Kd6 41. Qf8+ Qe7 42. Qb8+ Kc6 43. Qa8+ Kb5 44. Qc8 e5 45. Qc3 Qd6 46. Bf1+
Ka4 47. Be2 Qb4 48. Qa1+ Qa3 49. Qb1 Qc3 50. Qxb6 Qxd4 51. Qxd4+ exd4 52. Kf1
Kb3 53. Bd3 Kb2 54. Ke2 1-0

[Event "C.to Italiano Semifinale"]
[Site "Civitanova Marche ITA"]
[Date "2012.07.17"]
[Round "3"]
[White "Mortola, Alberto"]
[Black "Astengo, Marcello"]
[WhiteElo "1989"]
[BlackElo "2033"]
[Result "1-0"]
[PlyCount "125"]
[EventDate "2012.07.15"]

1. e4 e6 2. d4 d5 3. exd5 exd5 4. Bd3 Nf6 5. Bg5 Bd6 6. Nf3 O-O 7. O-O Nbd7 8.
Nbd2 c6 9. c3 Qc7 10. Qc2 h6 11. Bxf6 Nxf6 12. h3 b6 13. Nh4 Bb7 14. Nf5 Bh2+
15. Kh1 Bf4 16. Nf3 g6 17. N5h4 c5 18. g3 Bd6 19. Bxg6 Ne4 20. Bf5 Kh8 21. Qc1
Kg7 22. Bxe4 dxe4 23. Nf5+ Kg8 24. Qxh6 f6 25. N3h4 Rf7 26. Kh2 Bf8 27. Qf4
Qxf4 28. gxf4 cxd4 29. cxd4 Rc8 30. Rac1 Rfc7 31. Rxc7 Rxc7 32. Ne3 Bd6 33.
Nhg2 Bc8 34. f3 Rh7 35. fxe4 Rxh3+ 36. Kg1 Ba6 37. Rf2 Bb7 38. e5 Be7 39. Nf5
Bd8 40. Rd2 Be4 41. Nd6 Bd5 42. Rc2 Kf8 43. a3 Rd3 44. Nf5 Rd1+ 45. Kh2 fxe5
46. fxe5 Bg5 47. Rc8+ Kf7 48. Rc7+ Kg6 49. Nfe3 Rxd4 50. Rd7 Bxe3 51. Nxe3 Rd2+
52. Kg1 Rxb2 53. Rxd5 Rb3 54. Rd6+ Kg5 55. Nc2 Rc3 56. Rd2 Kf4 57. Re2 Rc7 58.
e6 Re7 59. Nb4 Kf3 60. Kf1 Rh7 61. Ke1 Rh1+ 62. Kd2 Rb1 63. e7 1-0

[Event "C.to Italiano Semifinale"]
[Site "Civitanova Marche ITA"]
[Date "2012.07.17"]
[Round "3"]
[White "Parrella, Alfredo"]
[Black "Lantini, Marco"]
[WhiteElo "2101"]
[BlackElo "2153"]
[Result "0-1"]
[PlyCount "46"]
[EventDate "2012.07.15"]

1. c4 e6 2. g3 d5 3. Bg2 Nf6 4. Nf3 dxc4 5. Na3 Bxa3 6. bxa3 c6 7. Bb2 O-O 8.
Qc2 b5 9. O-O Bb7 10. Rfd1 Qe7 11. d3 cxd3 12. Qxd3 Nbd7 13. Qd6 Qxd6 14. Rxd6
c5 15. Bxf6 Nxf6 16. Rb1 a6 17. a4 b4 18. Ne5 Bxg2 19. Kxg2 Ne4 20. Rc6 Nc3 21.
Rc1 Rfc8 22. Rxc8+ Rxc8 23. Nd3 a5 0-1

[Event "C.to Italiano Semifinale"]
[Site "Civitanova Marche ITA"]
[Date "2012.07.17"]
[Round "3"]
[White "Rambaldi, Francesco"]
[Black "Bonafede, Alessandro"]
[WhiteElo "2257"]
[BlackElo "2351"]
[Result "1-0"]
[PlyCount "73"]
[EventDate "2012.07.15"]

1. e4 g6 2. d4 Bg7 3. c4 d6 4. Nc3 Nc6 5. Be3 e5 6. d5 Nd4 7. Nge2 Nxe2 8. Bxe2
Nf6 9. c5 O-O 10. cxd6 cxd6 11. O-O Nd7 12. f3 a6 13. Rc1 b6 14. a4 Bb7 15. Nb1
f5 16. Na3 fxe4 17. fxe4 Rxf1+ 18. Bxf1 Nc5 19. Rc4 Qd7 20. Be2 a5 21. Bg4 Qe7
22. b4 axb4 23. Rxb4 h5 24. Bf3 Qd7 25. Rxb6 Nxa4 26. Rb4 Bc8 27. Nc4 Ra6 28.
Qc2 Nc5 29. Nxd6 Ra1+ 30. Kf2 Ba6 31. Qxc5 Rf1+ 32. Kg3 h4+ 33. Kxh4 Bf6+ 34.
Kg3 Qe7 35. Qc6 Bh4+ 36. Kg4 Kh7 37. Qxa6 1-0

[Event "C.to Italiano Semifinale"]
[Site "Civitanova Marche ITA"]
[Date "2012.07.17"]
[Round "3"]
[White "Rettore, Ludwig"]
[Black "Costantini, Roberto"]
[WhiteElo "2119"]
[BlackElo "2289"]
[Result "1-0"]
[PlyCount "91"]
[EventDate "2012.07.15"]

1. d4 d5 2. e3 Nf6 3. Nf3 g6 4. Bd3 Bg7 5. O-O O-O 6. b3 b6 7. Nbd2 Bb7 8. Bb2
Nbd7 9. c4 c5 10. Rc1 Rc8 11. Qe2 cxd4 12. exd4 Bh6 13. Rcd1 Re8 14. Ne5 dxc4
15. bxc4 Nf8 16. Rfe1 Qd6 17. Ne4 Qb4 18. a3 Qa4 19. Nc3 Qa5 20. Nb5 N6d7 21.
Bc3 Qa4 22. Bc2 Qa6 23. Nxd7 Nxd7 24. Bb3 Bc6 25. a4 Qb7 26. d5 Bxb5 27. axb5
Nc5 28. Bc2 Qd7 29. Qe5 f6 30. Qg3 Nb7 31. Rd4 Bg7 32. Rf4 Nd6 33. Bd3 Nxb5 34.
Bxg6 hxg6 35. cxb5 g5 36. Rf3 Qxd5 37. h4 Qxb5 38. hxg5 Qxg5 39. Qh3 Qg6 40.
Rg3 Qf7 41. Bd2 Rc5 42. Bh6 Rg5 43. Bxg5 fxg5 44. Rxg5 Qf6 45. Qg3 Rd8 46. Re4
1-0

[Event "C.to Italiano Semifinale"]
[Site "Civitanova Marche ITA"]
[Date "2012.07.17"]
[Round "3"]
[White "Rombaldoni, Axel"]
[Black "Formento, Paolo"]
[WhiteElo "2479"]
[BlackElo "2155"]
[Result "1-0"]
[PlyCount "71"]
[EventDate "2012.07.15"]

1. e4 e6 2. Qe2 e5 3. c3 Nc6 4. f4 exf4 5. Nf3 g5 6. d4 d6 7. Na3 Qe7 8. Bd2 g4
9. Ng1 Bh6 10. O-O-O Nf6 11. Re1 O-O 12. Qd1 Nxe4 13. d5 Nd8 14. h3 g3 15. Qh5
Bg7 16. Bxf4 f5 17. Nf3 Qf7 18. Qxf7+ Nxf7 19. Nb5 c6 20. Nc7 Rb8 21. Bc4 c5
22. Ne6 Re8 23. Nxc5 Be5 24. Bxe5 Nxe5 25. Nxe4 fxe4 26. Nxe5 Rxe5 27. Re3 Bf5
28. Rxg3+ Kf7 29. Kd2 Kf6 30. Ke3 Ree8 31. Rf1 h5 32. Be2 Rh8 33. a4 Rbf8 34.
a5 Rh7 35. h4 Ke7 36. Rg5 1-0

[Event "C.to Italiano Semifinale"]
[Site "Civitanova Marche ITA"]
[Date "2012.07.17"]
[Round "3"]
[White "Sbarra, Marco"]
[Black "Collutiis, Duilio"]
[WhiteElo "2271"]
[BlackElo "2508"]
[Result "0-1"]
[PlyCount "90"]
[EventDate "2012.07.15"]

1. d4 d5 2. c4 c6 3. Nf3 Nf6 4. e3 Bg4 5. Qb3 Qb6 6. Nc3 e6 7. Bd2 Nbd7 8. Be2
Be7 9. O-O O-O 10. Rfc1 Rad8 11. Na4 Qc7 12. cxd5 exd5 13. Bb4 Rfe8 14. Bxe7
Rxe7 15. Qc2 Bxf3 16. Bxf3 Nf8 17. b4 Ne6 18. Nc5 Ng5 19. Be2 g6 20. Rab1 Qd6
21. Nd3 Nfe4 22. b5 cxb5 23. Rxb5 Ne6 24. Bf3 N6g5 25. Be2 Ne6 26. Qb2 b6 27.
Bf3 N6g5 28. Bxe4 Nxe4 29. Nf4 Nf6 30. a4 Rc7 31. a5 bxa5 32. Rbc5 Rxc5 33.
Rxc5 Rb8 34. Qa2 Ne4 35. Rc1 Rb5 36. h4 Kg7 37. Qe2 a6 38. h5 a4 39. hxg6 hxg6
40. Qg4 Nf6 41. Qd1 a3 42. Qa4 Rb2 43. Nd3 Ng4 44. f4 Qe7 45. Re1 Qh4 0-1

[Event "C.to Italiano Semifinale"]
[Site "Civitanova Marche ITA"]
[Date "2012.07.17"]
[Round "3"]
[White "Sibilio, Mario"]
[Black "Spornberger, Maximilian"]
[WhiteElo "2352"]
[BlackElo "2226"]
[Result "1-0"]
[PlyCount "93"]
[EventDate "2012.07.15"]

1. d4 g6 2. g3 Bg7 3. Bg2 d6 4. e4 Nf6 5. Nc3 O-O 6. Nge2 e5 7. O-O Nc6 8. d5
Ne7 9. b3 Nd7 10. Be3 f5 11. f3 f4 12. Bf2 h5 13. Kh1 g5 14. Ng1 Nf6 15. gxf4
exf4 16. Nce2 Ng6 17. Nd4 Ne5 18. Nge2 Nxe4 19. fxe4 f3 20. Bxf3 Nxf3 21. Qd3
Bg4 22. Ng1 Qe7 23. h3 Ne5 24. Qg3 h4 25. Qg2 Bd7 26. Rae1 g4 27. Nf5 Bxf5 28.
exf5 g3 29. Bd4 Qf7 30. Bxe5 Bxe5 31. Re4 Qh5 32. Rg4+ Kf7 33. Qe2 Qh8 34. Nf3
Rg8 35. Ng5+ Kf6 36. Ne4+ Kf7 37. f6 Qh6 38. Kg2 Rg6 39. Qb5 Rd8 40. Qxb7 Rxg4
41. Qxc7+ Kg6 42. Qxd8 Rf4 43. Rxf4 Bxf4 44. Qg8+ Kf5 45. Qe6+ Kg6 46. f7+ Kg7
47. Qe7 1-0

[Event "C.to Italiano Semifinale"]
[Site "Civitanova Marche ITA"]
[Date "2012.07.17"]
[Round "3"]
[White "Stella, Luca"]
[Black "Lapenna, Antonio"]
[WhiteElo "2134"]
[BlackElo "2207"]
[Result "1/2-1/2"]
[PlyCount "82"]
[EventDate "2012.07.15"]

1. e4 c5 2. Nf3 e6 3. d4 cxd4 4. Nxd4 a6 5. Nc3 b5 6. Bd3 Bb7 7. O-O d6 8. a3
Nf6 9. f4 Be7 10. Qe2 Nbd7 11. Nb3 Qc7 12. Bd2 h5 13. Rae1 e5 14. Qf3 Nb6 15.
Na5 Nc4 16. Bxc4 bxc4 17. Nxb7 Qxb7 18. Nd5 a5 19. Bc3 Nxd5 20. exd5 f6 21. Kh1
h4 22. h3 O-O 23. f5 Rfc8 24. Rd1 Rc5 25. Rd2 Bf8 26. Rfd1 Rb8 27. Qe4 Qd7 28.
Rf2 Rbb5 29. a4 Rb7 30. Qxh4 Qxa4 31. Qe4 Qd7 32. g4 Qf7 33. h4 Rbb5 34. Rfd2
Be7 35. Kg2 Qe8 36. Kf3 Qa8 37. Ke3 Qa7 38. Kf3 Qb7 39. Ke2 Kf8 40. Qh1 Ke8 41.
Qf3 Kd7 1/2-1/2

[Event "C.to Italiano Semifinale"]
[Site "Civitanova Marche ITA"]
[Date "2012.07.17"]
[Round "3"]
[White "Villa, Giorgio"]
[Black "Bentivegna, Francesco"]
[WhiteElo "1949"]
[BlackElo "2299"]
[Result "0-1"]
[PlyCount "48"]
[EventDate "2012.07.15"]

1. Nf3 d5 2. d4 Nf6 3. c4 dxc4 4. e3 Bg4 5. Bxc4 e6 6. O-O a6 7. Bb3 Nc6 8. Nc3
Bd6 9. Qe2 O-O 10. Rd1 e5 11. d5 Ne7 12. e4 Ng6 13. h3 Bd7 14. Be3 Qe7 15. Qc2
Nh5 16. Ne2 f5 17. Ng3 f4 18. Nxh5 fxe3 19. fxe3 Rxf3 20. gxf3 Qg5+ 21. Qg2
Qxh5 22. Kh2 Nh4 23. Qg3 Nxf3+ 24. Kg2 Ng5 0-1

[Event "C.to Italiano Semifinale"]
[Site "Civitanova Marche ITA"]
[Date "2012.07.17"]
[Round "4"]
[White "Altini, Nicola"]
[Black "Borgiani, Flavio"]
[WhiteElo "2332"]
[BlackElo "2148"]
[Result "1-0"]
[PlyCount "59"]
[EventDate "2012.07.15"]

1. d4 e6 2. c4 c5 3. d5 exd5 4. cxd5 d6 5. Nc3 g6 6. e4 Bg7 7. Bb5+ Bd7 8. a4
Ne7 9. f4 O-O 10. Nf3 Bg4 11. O-O Bd4+ 12. Kh1 f5 13. h3 Bxf3 14. Qxf3 Nd7 15.
Bd2 a6 16. Bd3 fxe4 17. Bxe4 Bg7 18. g4 Nf6 19. Bd3 Qd7 20. Rae1 Rae8 21. f5 h6
22. Re6 Nfxd5 23. Nxd5 Nc6 24. Rxe8 Qxe8 25. f6 Kh7 26. f7 Qe6 27. Qe4 Ne5 28.
Bc4 Qc8 29. Bc3 Nxc4 30. Ne7 1-0

[Event "C.to Italiano Semifinale"]
[Site "Civitanova Marche ITA"]
[Date "2012.07.17"]
[Round "4"]
[White "Astengo, Marcello"]
[Black "Andreoni, Giuseppe"]
[WhiteElo "2033"]
[BlackElo "2119"]
[Result "1/2-1/2"]
[PlyCount "69"]
[EventDate "2012.07.15"]

1. d4 Nf6 2. c4 g6 3. Nc3 d5 4. Nf3 Bg7 5. Bg5 Ne4 6. Bh4 Nxc3 7. bxc3 dxc4 8.
Qa4+ Qd7 9. Qxc4 b6 10. Bg3 Nc6 11. e3 O-O 12. Be2 Bb7 13. O-O Na5 14. Qb4 c5
15. dxc5 Rfc8 16. Rad1 Qe8 17. cxb6 Bxc3 18. Qb1 axb6 19. Qxb6 Qa4 20. Ne5 Bxe5
21. Bxe5 Qe4 22. Bf3 Qxe5 23. Bxb7 Nxb7 24. Qxb7 Rcb8 25. Qd5 Qxd5 26. Rxd5
Rxa2 27. Rd7 Kf8 28. g3 f5 29. h4 Rbb2 30. Kg2 Kf7 31. Rdd1 Kf6 32. Rb1 Rd2 33.
Rbd1 Re2 34. Rde1 Rec2 35. Rc1 1/2-1/2

[Event "C.to Italiano Semifinale"]
[Site "Civitanova Marche ITA"]
[Date "2012.07.17"]
[Round "4"]
[White "Bentivegna, Francesco"]
[Black "Bellini, Fabio"]
[WhiteElo "2299"]
[BlackElo "2506"]
[Result "0-1"]
[PlyCount "50"]
[EventDate "2012.07.15"]

1. e4 e6 2. d4 d5 3. Nc3 Bb4 4. Nge2 Nf6 5. Bg5 h6 6. Bxf6 Qxf6 7. a3 Ba5 8. g3
Nc6 9. Bg2 Bb6 10. exd5 Nxd4 11. Nxd4 Qxd4 12. Qe2 O-O 13. Rd1 Qf6 14. O-O exd5
15. Rxd5 c6 16. Rd2 Bf5 17. Rfd1 Rae8 18. Qf3 Qg6 19. Rc1 Re6 20. h3 Rfe8 21.
Bf1 Re3 22. fxe3 Rxe3 23. Kg2 Bxh3+ 24. Kf2 Rxf3+ 25. Kxf3 Qg4# 0-1

[Event "C.to Italiano Semifinale"]
[Site "Civitanova Marche ITA"]
[Date "2012.07.17"]
[Round "4"]
[White "Bianco, Valerio"]
[Black "Dappiano, Andrea"]
[WhiteElo "2141"]
[BlackElo "2180"]
[Result "0-1"]
[PlyCount "108"]
[EventDate "2012.07.15"]

1. d4 d6 2. e4 Nf6 3. Nc3 e5 4. Nf3 Nbd7 5. Bc4 Be7 6. O-O O-O 7. a4 c6 8. Ba2
b6 9. Re1 a6 10. h3 Bb7 11. Bg5 b5 12. axb5 axb5 13. b4 Qc7 14. Qd3 h6 15. Bd2
Rfe8 16. d5 Rec8 17. dxc6 Qxc6 18. Nd5 Bd8 19. Bb3 Nb6 20. Rxa8 Bxa8 21. Ra1
Nbxd5 22. exd5 Qb7 23. Nh4 Nxd5 24. Rxa8 Qxa8 25. Nf5 Nf4 26. Bxf4 exf4 27.
Nxh6+ Kf8 28. Qxd6+ Be7 29. Qxf4 Qa1+ 30. Kh2 Qf6 31. Qxf6 Bxf6 32. Nxf7 Rc7
33. Kg3 Rxf7 34. Bxf7 Kxf7 35. Kf4 Ke6 36. Ke4 Bc3 37. f4 Bxb4 38. h4 Be1 39.
h5 Bg3 40. Kf3 Be1 41. Ke4 Bc3 42. g4 b4 43. g5 Bd2 44. f5+ Kf7 45. f6 gxf6 46.
gxf6 Kxf6 47. Kd3 Bc3 48. Kc4 Kg5 49. Kb3 Kxh5 50. Ka2 Kg4 51. Kb3 Kf3 52. Kc4
Ke2 53. Kb3 Kd1 54. Ka2 Kc1 0-1

[Event "C.to Italiano Semifinale"]
[Site "Civitanova Marche ITA"]
[Date "2012.07.17"]
[Round "4"]
[White "Bonafede, Alessandro"]
[Black "Fioravanti, Diego"]
[WhiteElo "2351"]
[BlackElo "2117"]
[Result "1/2-1/2"]
[PlyCount "131"]
[EventDate "2012.07.15"]

1. e4 c5 2. Nf3 d6 3. d4 cxd4 4. Qxd4 Nc6 5. Bb5 Bd7 6. Bxc6 Bxc6 7. Nc3 e5 8.
Qd3 Be7 9. Bd2 f5 10. exf5 Nf6 11. Ng5 Bd7 12. Nge4 Bc6 13. Nxf6+ Bxf6 14. Nd5
Qd7 15. O-O-O O-O 16. Be3 Kh8 17. Qe4 Rac8 18. Kb1 b5 19. h4 Bxd5 20. Rxd5 Rc4
21. Qd3 e4 22. Qb3 Rfc8 23. Rc1 b4 24. Bg5 Be5 25. Rxe5 dxe5 26. f6 h6 27.
fxg7+ Kxg7 28. Be3 a5 29. a4 bxa3 30. Qxa3 Ra4 31. Qb3 Rb4 32. Qa3 Rcb8 33. Qc3
Rxb2+ 34. Qxb2 Rxb2+ 35. Kxb2 Qb5+ 36. Ka2 Qa4+ 37. Kb2 Qb4+ 38. Ka2 Qc3 39.
Kb1 a4 40. Rd1 a3 41. Rd7+ Kf6 42. Rb7 a2+ 43. Kxa2 Qxc2+ 44. Ka3 h5 45. Rb6+
Kf7 46. Kb4 Ke7 47. g3 Kd7 48. Rh6 Qd1 49. Kc5 Ke7 50. Kc6 Qd7+ 51. Kb6 Qd8+
52. Kb5 Qd3+ 53. Kc5 Qd1 54. Rc6 Qd3 55. Kb6 Qd8+ 56. Kb7 Qd5 57. Kb6 Qd8+ 58.
Kc5 Qd3 59. Rc7+ Ke6 60. Rc6+ Ke7 61. Rb6 Qd1 62. Bg5+ Kd7 63. Be3 Ke7 64. Rh6
Kd7 65. Rh7+ Ke6 66. Rh6+ 1/2-1/2

[Event "C.to Italiano Semifinale"]
[Site "Civitanova Marche ITA"]
[Date "2012.07.17"]
[Round "4"]
[White "Bonfa', Ileano"]
[Black "Mortola, Alberto"]
[WhiteElo "2235"]
[BlackElo "1989"]
[Result "1-0"]
[PlyCount "93"]
[EventDate "2012.07.15"]

1. c4 f5 2. g3 Nf6 3. Bg2 g6 4. Nc3 Bg7 5. d3 d6 6. e4 Nc6 7. Nge2 O-O 8. O-O
fxe4 9. dxe4 Bg4 10. f3 Bd7 11. Be3 Ne5 12. b3 Qc8 13. Rc1 Bh3 14. Bxh3 Qxh3
15. Nf4 Qd7 16. Nd3 Nxd3 17. Qxd3 c5 18. e5 dxe5 19. Qxd7 Nxd7 20. Rcd1 Rad8
21. Rd3 Nb8 22. Rxd8 Rxd8 23. Bxc5 Nc6 24. Rd1 Rxd1+ 25. Nxd1 e6 26. Kf2 Bf8
27. Bxf8 Kxf8 28. Ke3 Ke7 29. Ke4 Kd6 30. Nc3 Kc5 31. Kd3 Kb4 32. Nb5 a6 33.
Nc7 Ka3 34. Nxe6 Kxa2 35. Kc3 Nd4 36. Nc5 Nxf3 37. Nxb7 Nxh2 38. c5 Ng4 39. c6
Nf6 40. Nc5 Nd5+ 41. Kc4 Nc7 42. b4 h5 43. Nxa6 Nxa6 44. b5 Nb8 45. Kc5 g5 46.
b6 h4 47. gxh4 1-0

[Event "C.to Italiano Semifinale"]
[Site "Civitanova Marche ITA"]
[Date "2012.07.17"]
[Round "4"]
[White "Caprio, Guido"]
[Black "Fagnani, Alessandro"]
[WhiteElo "2430"]
[BlackElo "1981"]
[Result "1-0"]
[PlyCount "47"]
[EventDate "2012.07.15"]

1. d4 d5 2. c4 e6 3. Nf3 Nf6 4. Nc3 Nbd7 5. cxd5 exd5 6. Bg5 c6 7. e3 Be7 8.
Bd3 O-O 9. Qc2 g6 10. O-O Nh5 11. Bh6 Re8 12. h3 Ndf6 13. Ne5 Ng7 14. g4 Bd6
15. f4 Bxg4 16. hxg4 Bxe5 17. fxe5 Nxg4 18. Bf4 Qh4 19. Qg2 Nh5 20. Be2 f5 21.
exf6 Nhxf6 22. Rf3 g5 23. Be5 Ne4 24. Nxe4 1-0

[Event "C.to Italiano Semifinale"]
[Site "Civitanova Marche ITA"]
[Date "2012.07.17"]
[Round "4"]
[White "Costantini, Roberto"]
[Black "Villa, Giorgio"]
[WhiteElo "2289"]
[BlackElo "1949"]
[Result "1-0"]
[PlyCount "55"]
[EventDate "2012.07.15"]

1. e4 c6 2. d4 d5 3. Nc3 dxe4 4. Nxe4 Nd7 5. Nf3 Ngf6 6. Ng3 e6 7. Bd3 c5 8.
O-O cxd4 9. Nxd4 Bc5 10. Nb3 Be7 11. Re1 O-O 12. Qf3 Nb6 13. Bg5 h6 14. Bd2
Nbd5 15. a3 Qc7 16. c4 Nb6 17. Rac1 Bd7 18. Nf5 Bc6 19. Nxe7+ Qxe7 20. Qh3 Rfd8
21. Bb4 Qc7 22. Bd2 Na4 23. Bb1 b6 24. Bxh6 gxh6 25. Qxh6 Ne8 26. Re3 Qd6 27.
Bh7+ Kh8 28. Bg6+ 1-0

[Event "C.to Italiano Semifinale"]
[Site "Civitanova Marche ITA"]
[Date "2012.07.17"]
[Round "4"]
[White "Di Trapani, Davide"]
[Black "Parrella, Alfredo"]
[WhiteElo "2072"]
[BlackElo "2101"]
[Result "0-1"]
[PlyCount "124"]
[EventDate "2012.07.15"]

1. e4 c6 2. d4 d5 3. exd5 cxd5 4. Bd3 Nc6 5. c3 Qc7 6. Ne2 Bg4 7. f3 Bd7 8. O-O
Nf6 9. Re1 e6 10. Bf4 Bd6 11. Bxd6 Qxd6 12. Nd2 O-O 13. f4 Nh5 14. g3 f5 15.
Nc1 Nf6 16. Ncb3 b6 17. a4 a5 18. Nf3 Be8 19. Ne5 Bh5 20. Be2 Bxe2 21. Qxe2 Ne7
22. Nd2 Ne4 23. Nxe4 fxe4 24. Qb5 Ra7 25. Rad1 Rc7 26. Qa6 Rb8 27. Rd2 Nc6 28.
Qe2 Rf8 29. Qb5 Nxe5 30. dxe5 Qc5+ 31. Qxc5 Rxc5 32. Rd4 Rfc8 33. Red1 b5 34.
R1d2 bxa4 35. Rxa4 Kf7 36. Kf2 g5 37. Ke3 gxf4+ 38. gxf4 R8c7 39. Rg2 Rc8 40.
Ra1 Rg8 41. Rxg8 Kxg8 42. Rg1+ Kf7 43. h4 Rb5 44. Rg2 a4 45. Kd4 h5 46. Rc2 Rb3
47. f5 exf5 48. Kxd5 a3 49. bxa3 Rxa3 50. Kd4 Ra8 51. Rb2 Rd8+ 52. Ke3 Rd3+ 53.
Kf4 Rf3+ 54. Kg5 e3 55. Re2 Ke6 56. Kxh5 f4 57. Kg4 Rf2 58. Re1 Kxe5 59. h5 Ke4
60. h6 Rg2+ 61. Kh5 Rh2+ 62. Kg6 f3 0-1

[Event "C.to Italiano Semifinale"]
[Site "Civitanova Marche ITA"]
[Date "2012.07.17"]
[Round "4"]
[White "Formento, Paolo"]
[Black "Dobboletta, Alex"]
[WhiteElo "2155"]
[BlackElo "2002"]
[Result "0-1"]
[PlyCount "72"]
[EventDate "2012.07.15"]

1. Nf3 Nf6 2. c4 g6 3. Nc3 Bg7 4. e4 d6 5. d4 O-O 6. Be2 Nbd7 7. O-O e5 8. Be3
a5 9. d5 h6 10. Nd2 Ne8 11. a3 f5 12. f3 f4 13. Bf2 Qg5 14. Kh1 Ndf6 15. Qe1
Qh5 16. c5 g5 17. cxd6 cxd6 18. Nc4 g4 19. Nb6 g3 20. Bg1 Rb8 21. Nxc8 Rxc8 22.
Bb5 Nh7 23. Bd7 Rc7 24. Be6+ Kh8 25. b4 Bf6 26. bxa5 Ng7 27. Nb5 Rc2 28. Bg4
Qh4 29. Nxd6 Be7 30. Nxb7 h5 31. Qd1 Rb2 32. d6 hxg4 33. dxe7 Rxg2 34. exf8=Q+
Nxf8 35. Rf2 Rxf2 36. Bxf2 Qxh2# 0-1

[Event "C.to Italiano Semifinale"]
[Site "Civitanova Marche ITA"]
[Date "2012.07.17"]
[Round "4"]
[White "Gagliardi, Christian"]
[Black "Cocuzzi, Edoardo"]
[WhiteElo "2209"]
[BlackElo "1993"]
[Result "1-0"]
[PlyCount "111"]
[EventDate "2012.07.15"]

1. d4 d5 2. Bf4 Nf6 3. e3 e6 4. Nf3 h6 5. Bd3 Nbd7 6. h3 Bd6 7. Ne5 O-O 8. Nd2
Qe7 9. Bg3 Bxe5 10. dxe5 Ne8 11. c3 f6 12. exf6 Qxf6 13. O-O c5 14. Qc2 c4 15.
Be2 b6 16. e4 Bb7 17. exd5 exd5 18. Nf3 Nd6 19. Rad1 b5 20. Nd4 a6 21. a4 bxa4
22. Qxa4 Nc5 23. Qb4 Nde4 24. Bh2 a5 25. Qa3 Qb6 26. f3 Nf6 27. Rf2 Rfe8 28.
Bf1 Nd3 29. Rfd2 Nc5 30. Kh1 Nb3 31. Nxb3 cxb3 32. Bg1 Qc7 33. Qxb3 Nh5 34. Bh2
Qc8 35. Rxd5 a4 36. Qc4 Qxc4 37. Bxc4 Bxd5 38. Bxd5+ Kh8 39. Bxa8 Rxa8 40. Be5
Ra5 41. Re1 Kg8 42. g4 Nf6 43. Bxf6 gxf6 44. Kg2 Rb5 45. Re2 Rb3 46. Rc2 Kf7
47. Kg3 Kg6 48. Kf4 a3 49. bxa3 Rxa3 50. c4 h5 51. gxh5+ Kxh5 52. c5 Kg6 53. c6
Ra4+ 54. Kg3 Ra8 55. c7 Rc8 56. Kf4 1-0

[Event "C.to Italiano Semifinale"]
[Site "Civitanova Marche ITA"]
[Date "2012.07.17"]
[Round "4"]
[White "Genocchio, Daniele"]
[Black "Rambaldi, Francesco"]
[WhiteElo "2431"]
[BlackElo "2257"]
[Result "1/2-1/2"]
[PlyCount "49"]
[EventDate "2012.07.15"]

1. e4 c6 2. d4 d5 3. Nc3 dxe4 4. Nxe4 Nd7 5. Nf3 Ngf6 6. Ng3 e6 7. Bd3 c5 8.
O-O cxd4 9. Nxd4 Bc5 10. Nb3 Be7 11. Qe2 Qc7 12. Bd2 O-O 13. Rae1 b6 14. f4 Bb7
15. Kh1 Rfe8 16. c4 Rad8 17. Bc3 Bd6 18. Nh5 Nxh5 19. Qxh5 Nf8 20. Re3 f5 21.
Rg3 Ng6 22. Rh3 Nf8 23. Rg3 Ng6 24. Rh3 Nf8 25. Rg3 1/2-1/2